| 000 | 00764cam a2200217 4500 | ||
|---|---|---|---|
| 001 | WB3632-19 | ||
| 008 | 000000n2000 000 0 eng u | ||
| 035 | _a(Sirsi) u107802 | ||
| 245 | _aNo home truths when selling | ||
| 260 | _c2000 | ||
| 490 |
_aBirmingham Post _v14 August 2000, 7(1) |
||
| 520 | _aA survey by ICM Research shows that home owners are ruthless when selling their property, with 28% prepared to drop a deal to obtain a higher price. | ||
| 590 | _aWB | ||
| 650 | _aHOMEOWNERS | ||
| 650 | _aGAZUMPING | ||
| 650 | _aESTATE AGENTS | ||
| 650 | _aHOUSE PRICES | ||
| 650 | _aPROPERTY-RESIDENTIAL PROPERTY-ACQUISITION AND DISPOSAL OF RESIDENTIAL PROPERTY | ||
| 690 | _aPROPERTY-RESIDENTIAL PROPERTY-RESIDENTIAL PROPERTY MARKET | ||
| 942 | _n0 | ||
| 999 |
_c64389 _d64389 |
||